Kräuter an Bildern erkennen - Statistiken

Allgemein
  • Dieses Quiz wurde 258 mal gespielt
  • Das Durchschnittsergebnis liegt bei 9 aus 15
Antwortstatistiken
Bildquiz Antwort % Korrekt
Basilikum
95%
Minze
93%
Petersilie
93%
Rosmarin
86%
Schnittlauch
84%
Dill
81%
Thymian
76%
Bärlauch
62%
Zitronenmelisse
53%
Koriander
50%
Liebstöckel
31%
Blutsauerampfer
28%
Bohnenkraut
20%
Giersch
8%
Knoblauchsrauke
5%
Keine übereinstimmenden Quizze gefunden
Verteilung der Resultate
Anzahl Personen mit jedem Resultat
Perzentil nach korrekt beantworteten Fragen
Ihre Resultats-Entwicklung
Sie haben dieses Quiz noch nicht gespielt